| 000 | 01325nam a2200373 a 4500 | ||
|---|---|---|---|
| 001 | ebr10288259 | ||
| 003 | CaPaEBR | ||
| 006 | m u | ||
| 007 | cr cn||||||||| | ||
| 008 | 080624s2009 enka s 001 0 eng | ||
| 010 | _z 2008027755 | ||
| 015 |
_aGBA887684 _2bnb |
||
| 016 | 7 |
_z014668025 _2Uk |
|
| 020 | _z0198569963 (pbk.) | ||
| 020 | _z9780198569961 (pbk.) | ||
| 020 | _z0198569955 (hbk.) | ||
| 020 | _z9780198569954 (hbk.) | ||
| 040 |
_aCaPaEBR _cCaPaEBR |
||
| 035 | _a(OCoLC)316061411 | ||
| 050 | 1 | 4 |
_aQP90.6 _b.B73 2009eb |
| 082 | 0 | 4 |
_a571.7/5 _222 |
| 100 | 1 | _aBradley, Timothy J. | |
| 245 | 1 | 0 |
_aAnimal osmoregulation _h[electronic resource] / _cTimothy J. Bradley. |
| 260 |
_aOxford ; _aNew York : _bOxford University Press, _c2009. |
||
| 300 |
_avii, 168 p. : _bill. |
||
| 490 | 1 | _aOxford animal biology series | |
| 500 | _aIncludes index. | ||
| 533 |
_aElectronic reproduction. _bPalo Alto, Calif. : _cebrary, _d2013. _nAvailable via World Wide Web. _nAccess may be limited to ebrary affiliated libraries. |
||
| 650 | 0 | _aOsmoregulation. | |
| 655 | 7 |
_aElectronic books. _2local |
|
| 710 | 2 | _aebrary, Inc. | |
| 830 | 0 | _aOxford animal biology series. | |
| 856 | 4 | 0 |
_uhttp://site.ebrary.com/lib/rucke/Doc?id=10288259 _zAn electronic book accessible through the World Wide Web; click to view |
| 999 |
_c15947 _d15947 |
||